Deutschlands TOP 50-Cocktails - Statistiken

Allgemein
  • Dieses Quiz wurde 1.094 mal gespielt
  • Das Durchschnittsergebnis liegt bei 10 aus 50
Antwortstatistiken
Cocktail-Name Zutaten % Korrekt
Sex on the beach Wodka, Pfirsichlikör, Orangensaft, Cranberrynektar, Zitronensaft
78%
Gin Tonic Gin, Tonic
75%
Mojito Weißer Rum, Zuckersirup, Limettensaft, Minze, Soda
68%
Pina Colada Dunkler Rum, Cream of Coconut, Limettensaft, Ananas
62%
Caipirinha Cahchaca, Limette, Rohrzucker
57%
Tequila Sunrise Tequila, Triple Sec, Orangensaft, Limettensaft, Grenadine/Cassis
55%
Long Island Ice Tea Weißer Rum, Wodka, Gin, Weißer Tequila, Triple Sec, Limettensaft, Cola
49%
Martini Gin, Wermut, Zitrone (Zeste) oder Olive (optional Salzlösung)
46%
Moscow Mule Wodka, Ginger Beer, Limette (optional Gurke o. Minze)
46%
Swimming Pool Ananassaft, Cream of Coconut, Rum, Wodka, Sahne, Blue Curacao
42%
Whiskey Sour Whiskey, Zitronensaft, Zuckersirup, Eiweiß
41%
White Russian Wodka, Kahlua, Sahne
40%
Zombie Grereifter Rum, Overproof Rum, Zimtsirup, Falernum, Angostura Bitters, Absinth, Pernod oder Pastis, Limettensaft, Grapefruitsaft
38%
Cosmopolitan Wodka, Cointreau, Limettensaft, Cranberrysaft
34%
Mexikaner Korn, Sangrita, Tomatensaft, Salz, Pfeffer, Tabasco
29%
Espresso Martini Wodka, Kaffeelikör, Espresso
27%
Mai Tai Dunkler Rum, Limettensaft, Triple Sec, Zuckersirup, Orgeat / Mandelsirup
27%
Margarita Tequila, Triple Sex, Limettensaft, Agavendicksaft
22%
Daiquiri Weißer Rum, Limettensaft, Zuckersirup
19%
Manhattan Rye Whiskey, Roter Wermut, Cherry Heering Kirschlikör, Absinth
19%
Old Fashioned Whiskey, Zuckersirup, Angostura Bitters, Orange (Zeste)
18%
Negroni Campari, Gin, Roter Wermut
16%
Gin Fizz Gin, Zuckersirup, Zitronensaft, Soda
15%
Whiskey Soda Whiskey, Sprudelwasser
14%
Vodka Martini Wodka, Wermut
12%
Gin Basil Smash Gin, Zitrinensaft, Basilikum, Zuckersirup
11%
Campari Orange / Garibaldi Campari, Zuckersirup, Orangensaft (aufgeschäumt)
10%
Bahama Mama ungereifter Rum, gereifter Rum, Kokosnuss-Rum-Likör, Zitronensaft, Orangensaft, Ananassaft, Angostura Bitters, Grenadine
8%
Planter's Punch Limettensaft, Zuckersirup, Jamaica-Rum, Sodawasser, Angostura Bitters
8%
Amaretto Sour Amaretto, Barrel Proof Bourbon, Zitronensaft, Zuckersirup, Eiweiß
7%
Dirty Martini Gin, Wermut, Olivenlake (optional Salzlösung)
6%
Gimlet Gin, Lime Juice, Limette
5%
Hurricane Gereifter Rum, Weißer Rum, Limettensaft, Orangensaft, Zuckersirup, Maracuja, Grenadine
5%
Munich Mule Gin, Limettensaft, Ginger Beer, Gurke
5%
Dark & Stormy Gereifter Rum, Limettensaft, Ginger Beer
4%
Paloma Tequila, Limettensaft, Salz, Grapefruit-Limonade
4%
White Lady Gin, Cointreau, Zuckersirup, Zitronensaft, Eiweiß (optional Ginger Bitter oder Orange Bitters)
3%
Aviation Gin, Maraschino-Likör, Creme de Violette, Zitronensaft
2%
Blue Hawaii Wodka, Rum, Blue Curacao, Ananassaft, Limettensaft, Zuckersirup
2%
El Presidente Rum, Wermut, Triple Sec, Grenadine
2%
Gibson Martini Gin, Wermut, Silberzwiebeln
2%
Gin Gin Mule Gin, Minze, Limettensaft, Zuckersirup, Ginger Beer
2%
Horse's Neck Whiskey, Angostura Bitters, Ginger Ale
2%
Sidecar Cognac, Cointreau, Zitronensaft
2%
Vesper Martini Gin, Wodka, Quinquina
2%
Clover Club Gin, Zitronensaft, Himbeersirup, Himbeeren, Eiweiß
1%
Continental Sour Whiskey, Zitronensaft, Zuckersirup, Eiweiß, Portwein
1%
Moose Milk Gereifter Rum, Bourbon, Kaffeelikör, Ahornsirup,. Vollmilich, Vanilleeis
1%
Old Cuban Rum, Limettensaft, Zuckersirup, Angostura Bitters, Minze, Schaumwein
1%
Raspberry Thyme Smash Gin, Himbeeren, Thymian, Zuckersirup, Limettensaft
1%
Keine übereinstimmenden Quizze gefunden
Verteilung der Resultate
Anzahl Personen mit jedem Resultat
Perzentil nach korrekt beantworteten Fragen
Ihre Resultats-Entwicklung
Sie haben dieses Quiz noch nicht gespielt